| 000 | 01514cam a2200325 4500 | ||
|---|---|---|---|
| 001 | J125800 | ||
| 008 | 040408n2003 000 0 eng u | ||
| 035 | _a(Sirsi) u125800 | ||
| 041 | _aeng | ||
| 050 |
_a333.72 _c18 |
||
| 110 |
_aHoare Lea _94635 |
||
| 245 |
_aGreen incentives _bpolicy and practice |
||
| 260 |
_aLondon _bBCO _c2003 |
||
| 300 |
_a47p. _c30cm. |
||
| 350 | _a45 | ||
| 520 | _aProvides a single point of reference to the regulatory and fiscal measures relating to sustainability introduced over the last ten years and reviews their impact on the property and construction sectors. Part one provides a comprehensive guide to the current system of green incentives, including the Building Regulations Part L, the climate change levy, landfill tax, the aggregates levy, enhanced capital allowances, the Combined Heat and Power Quality Assurance Scheme, renewable energy generation incentives, land remediation tax credits and the UK Greenhouse Gas Emissions Trading Scheme. Part two outlines government policy and how this relates to property. | ||
| 650 | _aPROPERTY INDUSTRY | ||
| 650 | _aCONSTRUCTION INDUSTRY | ||
| 650 | _aRENEWABLE ENERGY | ||
| 650 | _aENERGY EFFICIENT | ||
| 650 | _aCLIMATE CHANGE | ||
| 650 | _aCARBON DIOXIDE EMISSIONS | ||
| 650 | _aGREEN POLICY | ||
| 650 | _aTAX INCENTIVES | ||
| 650 |
_aSustainability _96271 |
||
| 690 | _aDEVELOPMENT-SUSTAINABLE | ||
| 710 |
_aGardiner and Theobald _9719 |
||
| 710 |
_aBritish Council for Offices _93992 |
||
| 942 | _n0 | ||
| 999 |
_c103476 _d103476 |
||